00825nam a2200229Ia 4500003000900000008004100009040001600050080001800066100002200084245015800106250001300264260003700277300001500314650003400329650003200363650002100395700002700416700002900443942000700472999001500479952010100494IN-BaIIA211028s9999 xx 000 0 eng d cIIA Library a(035)621bSCM aOberg, Erik99064 0aMachinery's handbookba reference book for the Mechanical Engineer, Draftsman, Toolmaker and MechanistcErik Oberg, Franklin D. Jones and Holbrook Horton a20th ed. aNew YorkbIndustrial Pressc1975 axi, 2483p. a Handbooks-Machinery 99065 a Machinery-Handbooks99066 aNASA Thesaurus  aHorton, Holbrook99067 aJones, Franklin D.99068 cBK c5088d5088 00104070aBANbBANcGENd1976-12-09l0o(035)621/ SCMp5683r2021-11-05w1976-12-09yBK 25.00